[Event "DEN-chT 0506"]
[Site "Denmark"]
[Date "2006.01.14"]
[Round "4.5"]
[White "Hansen, Poul Martin"]
[Black "Brinck Claussen, Bjorn"]
[Result "0-1"]
[WhiteElo "1871"]
[BlackElo "2306"]
[PlyCount "106"]
[EventDate "2005.11.05"]
[EventType "team-tourn"]
[EventRounds "9"]
[EventCountry "DEN"]
[SourceTitle "EXT 2023"]
[Source "ChessBase"]
[SourceDate "2022.10.05"]
[SourceVersion "1"]
[SourceVersionDate "2022.10.05"]
[SourceQuality "1"]
[WhiteTeam "Foroyar"]
[BlackTeam "Bronshoj"]
[WhiteTeamCountry "DEN"]
[BlackTeamCountry "DEN"]

1. d4 Nf6 2. Nf3 g6 3. Nc3 d5 4. Bg5 Bg7 5. Bxf6 Bxf6 6. e4 dxe4 7. Nxe4 Bg7 8. c3 0-0 9. Bd3 Nd7 10. Qc2 e5 11. dxe5 Nxe5 12. Nxe5 Bxe5 13. 0-0 c6 14. Rfe1 Qc7 15. h3 b6 16. Rad1 Bb7 17. Ng5 Bh2+ 18. Kh1 Bf4 19. Nf3 Rfe8 20. Re2 Rad8 21. Rde1 Qd7 22. Rxe8+ Rxe8 23. Rxe8+ Qxe8 24. Qa4 Bb8 25. Qe4 Qxe4 26. Bxe4 f5 27. Bd3 c5 28. Kg1 Bf4 29. Kf1 Kg7 30. Ke2 Kf6 31. h4 Bd5 32. c4 Be6 33. b3 h6 34. Bb1 Bd6 35. Ne1 Bd7 36. g3 f4 37. gxf4 Bxf4 38. Ng2 Bc1 39. f4 Bg4+ 40. Kf2 Bf5 41. Bxf5 Kxf5 42. Kf3 h5 43. a3 Bd2 44. b4 cxb4 45. axb4 Bxb4 46. Ne3+ Ke6 47. Ke4 a5 48. f5+ gxf5+ 49. Nxf5 a4 50. Nd4+ Kf6 51. Kd5 Bc5 52. Nb5 Kf5 53. Nc3 a3 0-1

[Event "DEN-chT 0405"]
[Site "Denmark"]
[Date "2004.12.05"]
[Round "3.8"]
[White "Petersen, Aage"]
[Black "Hansen, Poul Martin"]
[Result "0-1"]
[WhiteElo "1940"]
[BlackElo "1848"]
[PlyCount "74"]
[EventDate "2004.11.06"]
[EventType "team-tourn"]
[EventRounds "7"]
[EventCountry "DEN"]
[SourceTitle "EXT 2023"]
[Source "ChessBase"]
[SourceDate "2022.10.05"]
[SourceVersion "1"]
[SourceVersionDate "2022.10.05"]
[SourceQuality "1"]
[WhiteTeam "Helsingor"]
[BlackTeam "Foroyar"]
[WhiteTeamCountry "DEN"]
[BlackTeamCountry "DEN"]

1. d4 Nf6 2. Nf3 e6 3. Bf4 c5 4. e3 Nc6 5. c3 d5 6. Nbd2 Be7 7. Bd3 0-0 8. Ne5 Bd7 9. Qf3 Rc8 10. Qh3 cxd4 11. exd4 a6 12. 0-0 b5 13. a3 g6 14. Bh6 Re8 15. f4 Nh5 16. g4 Ng7 17. Bxg7 Nxe5 18. Bxe5 f6 19. f5 exf5 20. gxf5 fxe5 21. dxe5 Bc5+ 22. Kh1 Rxe5 23. Qg3 Re3 24. Rf3 Bc6 25. fxg6 h6 26. Qf4 Qe7 27. Qf7+ Qxf7 28. gxf7+ Kf8 29. Rxe3 Bxe3 30. Rd1 Rc7 31. h3 Rxf7 32. Nf1 d4+ 33. Kh2 Rf2+ 34. Kg3 Rg2+ 35. Kh4 Bg5+ 36. Kh5 Bf3+ 37. Kg6 Bxd1 0-1